000 00645nam a2200253Ia 4500
003 OSt
005 20221006144058.0
006 a|||||r|||| 00| 0
007 ta
008 221006b |||||||| |||| 00| 0 eng d
020 _cP1.10
024 _a10,821
037 _cTextual
040 _aEASL
_cEASL
_beng
041 _2eng
_aeng
082 _aW84, K8
100 _aLUTTWAK Edward
_9650828
245 0 _aCoup Detat
_b A practical handbook
260 _aLondon
_bAllen Lane The Penguin Press
_c1968
300 _a188p.
_ccm.
490 _v Oth
942 _hW84, K8
_cTEXL
_2CC
999 _c1078907
_d1078907